[Event "RUS-chT blitz"]
[Site "Sochi"]
[Date "2018.10.10"]
[Round "8.8"]
[White "Uzhva, Andrey Nikolaevich"]
[Black "Dudin, Gleb"]
[Result "0-1"]
[WhiteElo "2270"]
[BlackElo "2178"]
[PlyCount "129"]
[EventDate "2018.10.10"]
[EventType "team-swiss (blitz)"]
[EventRounds "15"]
[EventCountry "RUS"]
[SourceTitle "CBM 186 Extra"]
[Source "ChessBase"]
[SourceDate "2018.08.24"]
[SourceVersion "1"]
[SourceVersionDate "2018.08.24"]
[SourceQuality "1"]
[WhiteTeam "Belgorod Rakita"]
[BlackTeam "Karpov Chess School II"]
[WhiteTeamCountry "RUS"]
[BlackTeamCountry "RUS"]

1. Nf3 Nf6 2. g3 d6 3. Bg2 Nbd7 4. 0-0 e5 5. c4 Be7 6. Nc3 0-0 7. d4 c6 8. e4 Qc7 9. h3 a6 10. Be3 b5 11. cxb5 cxb5 12. Rc1 Qb8 13. dxe5 dxe5 14. Nd5 Bd8 15. Nxf6+ Bxf6 16. Qe2 Nb6 17. Rfd1 Be6 18. Bc5 Re8 19. Bd6 Qb7 20. Rc7 Bc4 21. Qe3 Qb8 22. Rxc4 Nxc4 23. Bxb8 Nxe3 24. fxe3 Raxb8 25. g4 h6 26. h4 Red8 27. Rf1 g6 28. g5 hxg5 29. hxg5 Bg7 30. Kf2 Rbc8 31. Re1 Rc2+ 32. Re2 Rxe2+ 33. Kxe2 Kf8 34. Bh3 Ke7 35. Nd2 Rh8 36. Bg4 Rh4 37. Bf3 Rh2+ 38. Kd3 Kd6 39. b3 Bf8 40. a4 Be7 41. axb5 axb5 42. Be2 Rg2 43. Nf3 Bxg5 44. Bf1 Rg3 45. Nxg5 Rxg5 46. Kc3 Kc5 47. b4+ Kc6 48. Kd2 Rg1 49. Ke1 Rh1 50. Kf2 Rh2+ 51. Bg2 Rh8 52. Kg3 Ra8 53. Kg4 f6 54. Bh3 Ra4 55. Kf3 Rxb4 56. Be6 Rb1 57. Bf7 Rg1 58. Kf2 Rg5 59. Ke2 Kc5 60. Kd3 Rg2 61. Be8 g5 62. Bd7 g4 63. Bf5 g3 64. Bh3 Rh2 65. Bf1 0-1

[Event "RUS-chT blitz"]
[Site "Sochi"]
[Date "2018.10.10"]
[Round "3.6"]
[White "Uzhva, Andrey Nikolaevich"]
[Black "Murzin, Volodar"]
[Result "0-1"]
[WhiteElo "2270"]
[BlackElo "2340"]
[PlyCount "110"]
[EventDate "2018.10.10"]
[EventType "team-swiss (blitz)"]
[EventRounds "15"]
[EventCountry "RUS"]
[SourceTitle "CBM 186 Extra"]
[Source "ChessBase"]
[SourceDate "2018.08.24"]
[SourceVersion "1"]
[SourceVersionDate "2018.08.24"]
[SourceQuality "1"]
[WhiteTeam "Belgorod Rakita"]
[BlackTeam "Sochi Archibald Chess"]
[WhiteTeamCountry "RUS"]
[BlackTeamCountry "RUS"]

1. Nf3 Nf6 2. g3 g6 3. Bg2 Bg7 4. 0-0 0-0 5. d4 d6 6. c4 Nbd7 7. Nc3 e5 8. h3 Re8 9. e4 exd4 10. Nxd4 Nc5 11. Re1 Bd7 12. Bf4 a6 13. Qd2 Qc8 14. Kh2 Ne6 15. Be3 Nc5 16. Bf4 Rb8 17. Rad1 b5 18. cxb5 axb5 19. Bg5 b4 20. Nd5 Nfxe4 21. Bxe4 Nxe4 22. Rxe4 Rxe4 23. Nf6+ Bxf6 24. Bxf6 Qf8 25. Nf3 Re6 26. Qf4 Rb5 27. Nd4 Rf5 28. Nxe6 fxe6 29. Qxb4 Rxf2+ 30. Kg1 Rxf6 31. Qd4 Bc6 32. h4 Rf3 33. Qg4 Qf5 34. Qxf5 gxf5 35. Rc1 Bd5 36. Rxc7 Rxg3+ 37. Kf1 Bxa2 38. b4 Rb3 39. Rb7 Bb1 40. Ke2 Be4 41. Rb6 d5 42. Kd2 d4 43. h5 Kg7 44. b5 Kh6 45. Rxe6+ Kxh5 46. b6 Kg5 47. Rd6 h5 48. Rxd4 Rxb6 49. Ke3 Rb3+ 50. Kf2 h4 51. Rd8 Kf4 52. Rd2 h3 53. Kg1 Rb1+ 54. Kf2 h2 55. Rd4 Rb2+ 0-1

[Event "RUS-chT rapid"]
[Site "Sochi"]
[Date "2018.10.09"]
[Round "8.6"]
[White "Kurbedinov, Ramis"]
[Black "Uzhva, Andrey Nikolaevich"]
[Result "1/2-1/2"]
[WhiteElo "2305"]
[BlackElo "2270"]
[PlyCount "98"]
[EventDate "2018.10.08"]
[EventType "team-swiss (rapid)"]
[EventRounds "9"]
[EventCountry "RUS"]
[SourceTitle "CBM 186 Extra"]
[Source "ChessBase"]
[SourceDate "2018.08.24"]
[SourceVersion "1"]
[SourceVersionDate "2018.08.24"]
[SourceQuality "1"]
[WhiteTeam "Krym Nash"]
[BlackTeam "Belgorod Rakita"]
[WhiteTeamCountry "RUS"]
[BlackTeamCountry "RUS"]

1. Nf3 Nf6 2. c4 g6 3. Nc3 Bg7 4. e4 c5 5. d4 cxd4 6. Nxd4 d6 7. Be2 Nc6 8. Nc2 0-0 9. 0-0 h6 10. Be3 b6 11. f3 Bb7 12. Qd2 Kh7 13. Rac1 Rc8 14. b3 Qd7 15. Rfd1 Rfd8 16. Nd5 Ne8 17. Nd4 e6 18. Nc3 Qe7 19. Ncb5 Ba8 20. Bf1 Rd7 21. Qf2 Nb4 22. Nc3 Rdd8 23. Rd2 Nc6 24. Rcd1 Ne5 25. a4 Nc6 26. Nxc6 Bxc6 27. Bd4 Qg5 28. Bxg7 Kxg7 29. Nb5 Bxb5 30. axb5 e5 31. Ra2 Rc7 32. g3 Rdd7 33. h4 Qf6 34. Bh3 Re7 35. Kg2 Kf8 36. Qd2 Kg7 37. Rda1 Kh7 38. Ra6 Qg7 39. Qd5 h5 40. Qa8 f6 41. Qd8 Qh6 42. Qa8 Qd2+ 43. Kh1 Qf2 44. Rxa7 Qxg3 45. Bg2 Qxh4+ 46. Kg1 Rxa7 47. Rxa7 Qe1+ 48. Kh2 Qh4+ 49. Kg1 Qe1+ 1/2-1/2

[Event "RUS-chT rapid"]
[Site "Sochi"]
[Date "2018.10.09"]
[Round "7.8"]
[White "Uzhva, Andrey Nikolaevich"]
[Black "Rudakov, Sergey S"]
[Result "1-0"]
[WhiteElo "2270"]
[BlackElo "1733"]
[PlyCount "101"]
[EventDate "2018.10.08"]
[EventType "team-swiss (rapid)"]
[EventRounds "9"]
[EventCountry "RUS"]
[SourceTitle "CBM 186 Extra"]
[Source "ChessBase"]
[SourceDate "2018.08.24"]
[SourceVersion "1"]
[SourceVersionDate "2018.08.24"]
[SourceQuality "1"]
[WhiteTeam "Belgorod Rakita"]
[BlackTeam "Voronezh SDYuSShOR"]
[WhiteTeamCountry "RUS"]
[BlackTeamCountry "RUS"]

1. Nf3 Nf6 2. g3 g6 3. Bg2 Bg7 4. 0-0 0-0 5. c4 c6 6. Nc3 d5 7. cxd5 cxd5 8. d4 Nc6 9. Ne5 e6 10. Nxc6 bxc6 11. Na4 Nd7 12. Bf4 Ba6 13. Rc1 Rc8 14. Qd2 Re8 15. Rc2 Bb5 16. Nc3 Qb6 17. Nxb5 cxb5 18. e3 Qa6 19. Rfc1 Nb6 20. b3 Bf8 21. Bf1 Ba3 22. Rxc8 Nxc8 23. Rc7 Bd6 24. Bxd6 Nxd6 25. Qc2 Qa3 26. Qc5 Qxc5 27. dxc5 Ne4 28. Bxb5 Rb8 29. Bd7 Kf8 30. c6 Rd8 31. Rxa7 Nd6 32. c7 Rxd7 33. c8Q+ Nxc8 34. Rxd7 Ke8 35. Rb7 Nd6 36. Ra7 Nb5 37. Ra5 Nd6 38. a4 Kd7 39. Rc5 Ne4 40. Rc2 Nd6 41. a5 Nb5 42. a6 Na7 43. b4 Kd6 44. f4 f5 45. Kf2 h6 46. Ke2 g5 47. Kd2 Nb5 48. Rc8 gxf4 49. gxf4 Kd7 50. Rb8 Nc7 51. a7 1-0

[Event "RUS-ch rapid"]
[Site "Sochi"]
[Date "2018.10.05"]
[Round "1.1"]
[White "Uzhva, Andrey Nikolaevich"]
[Black "Artemiev, Vladislav"]
[Result "0-1"]
[WhiteElo "2270"]
[BlackElo "2706"]
[PlyCount "92"]
[EventDate "2018.10.05"]
[EventType "swiss (rapid)"]
[EventRounds "11"]
[EventCountry "RUS"]
[SourceTitle "CBM 186 Extra"]
[Source "ChessBase"]
[SourceDate "2018.08.24"]
[SourceVersion "1"]
[SourceVersionDate "2018.08.24"]
[SourceQuality "1"]

1. d4 Nf6 2. Nf3 g6 3. c4 Bg7 4. g3 d5 5. Nc3 dxc4 6. Qa4+ Nfd7 7. Qxc4 Nb6 8. Qd3 0-0 9. e4 Nc6 10. d5 Nb4 11. Qd1 f5 12. e5 N4xd5 13. Nxd5 Qxd5 14. Qxd5+ Nxd5 15. Bc4 Rd8 16. Bg5 Kf8 17. Rd1 Be6 18. h4 h6 19. Bd2 Nf4 20. Bxe6 Nxe6 21. Be3 Rxd1+ 22. Kxd1 Rd8+ 23. Ke2 Rd5 24. Rc1 Ke8 25. Bf4 Kd7 26. b3 c5 27. a4 b6 28. Rc4 Kc6 29. Rc1 Nd4+ 30. Nxd4+ Rxd4 31. Be3 Rb4 32. Rb1 Bxe5 33. Bxh6 c4 34. Rc1 Kd5 35. bxc4+ Rxc4 36. Rd1+ Bd4 37. Be3 Rxa4 38. Bxd4 Rxd4 39. Ra1 a5 40. f3 a4 41. Ke3 b5 42. Ra2 e5 43. Ra1 f4+ 44. gxf4 exf4+ 45. Ke2 Kc5 46. Rg1 Rd6 0-1

[Event "RUS-ch blitz"]
[Site "Sochi"]
[Date "2017.10.02"]
[Round "1"]
[White "Uzhva, Andrey Nikolaevich"]
[Black "Yuffa, Daniil"]
[Result "0-1"]
[WhiteElo "2270"]
[BlackElo "2527"]
[PlyCount "124"]
[EventDate "2017.10.02"]
[EventType "swiss (blitz)"]
[EventRounds "20"]
[EventCountry "RUS"]
[SourceTitle "EXT 2018"]
[Source "ChessBase"]
[SourceDate "2017.10.13"]
[SourceVersion "1"]
[SourceVersionDate "2017.10.13"]
[SourceQuality "1"]

1. d4 Nf6 2. c4 g6 3. Nf3 Bg7 4. g3 0-0 5. Bg2 c5 6. Nc3 Nc6 7. dxc5 Qa5 8. 0-0 Qxc5 9. Qa4 d6 10. Be3 Qh5 11. Rfd1 Bh3 12. Bh1 Ng4 13. Bf4 Rac8 14. Nd5 Nge5 15. Rac1 Bg4 16. Qb3 Bxf3 17. exf3 e6 18. Ne3 Nxf3+ 19. Bxf3 Qxf3 20. Bxd6 Rfd8 21. Ng2 Qxb3 22. axb3 Nd4 23. Be7 Re8 24. Ba3 Ne2+ 25. Kf1 Nxc1 26. Rxc1 Red8 27. Ke2 Rd7 28. Ne3 Rcd8 29. Rc2 h5 30. h4 a6 31. Bb4 Rd3 32. Bc3 Bxc3 33. bxc3 R3d6 34. Ra2 Kg7 35. c5 Rd3 36. Rc2 f6 37. b4 g5 38. Nc4 gxh4 39. Nd6 R3xd6 40. cxd6 hxg3 41. fxg3 Rxd6 42. Ke3 b5 43. Rh2 Kg6 44. Ra2 Rc6 45. Kd4 Kg5 46. Rh2 Rc4+ 47. Kd3 e5 48. Ra2 Rc6 49. Rh2 f5 50. Re2 Rd6+ 51. Ke3 Kg4 52. Rh2 e4 53. Rh4+ Kg5 54. Rh1 Rd3+ 55. Kf2 Rxc3 56. Ra1 h4 57. gxh4+ Kxh4 58. Rxa6 f4 59. Rb6 Rc2+ 60. Ke1 e3 61. Rxb5 f3 62. Rc5 Rb2 0-1

[Event "RUS-ch blitz"]
[Site "Sochi"]
[Date "2017.10.02"]
[Round "2"]
[White "Yuffa, Daniil"]
[Black "Uzhva, Andrey Nikolaevich"]
[Result "1-0"]
[WhiteElo "2527"]
[BlackElo "2270"]
[PlyCount "135"]
[EventDate "2017.10.02"]
[EventType "swiss (blitz)"]
[EventRounds "20"]
[EventCountry "RUS"]
[SourceTitle "EXT 2018"]
[Source "ChessBase"]
[SourceDate "2017.10.13"]
[SourceVersion "1"]
[SourceVersionDate "2017.10.13"]
[SourceQuality "1"]

1. e4 c5 2. Nf3 g6 3. g3 Bg7 4. Bg2 Nc6 5. 0-0 d6 6. c3 Nf6 7. Re1 0-0 8. a4 Bg4 9. d3 Ne5 10. Bf4 Bxf3 11. Bxf3 Nxf3+ 12. Qxf3 Qb6 13. Qe2 Nd7 14. Na3 Rac8 15. Nc4 Qc6 16. Qd2 Rfd8 17. Ne3 Kf8 18. Nc4 Kg8 19. h3 b6 20. Kh2 a6 21. Qe2 b5 22. axb5 axb5 23. Ne3 b4 24. Nd5 Kf8 25. cxb4 e6 26. b5 Qxb5 27. Bxd6+ Ke8 28. Nc7+ Rxc7 29. Bxc7 Rc8 30. Bf4 Ne5 31. Bxe5 Bxe5 32. Ra2 Rd8 33. Rd1 Kf8 34. Qc2 Kg7 35. b3 Rd4 36. Ra4 Rd7 37. Rc4 Bd4 38. Rb1 Rb7 39. b4 Rb8 40. Kg2 Rb7 41. Rb3 Rb8 42. Qb1 Rb7 43. bxc5 Qxb3 44. Qxb3 Rxb3 45. Rxd4 Rc3 46. Rc4 Rxd3 47. c6 Rd8 48. Rb4 Rc8 49. Rb6 Kf6 50. f4 Ke7 51. Rb7+ Ke8 52. Rb6 Ke7 53. e5 Kd8 54. Kf3 h5 55. g4 hxg4+ 56. hxg4 Kc7 57. Rb7+ Kxc6 58. Rxf7 Rg8 59. Re7 Kd5 60. Rd7+ Kc5 61. Rd6 Re8 62. Ke4 Re7 63. Rd8 Rg7 64. Rc8+ Kb6 65. Re8 g5 66. Rxe6+ Kc7 67. f5 Kd7 68. Ra6 1-0

[Event "RUS-ch rapid"]
[Site "Sochi"]
[Date "2017.10.01"]
[Round "10"]
[White "Uzhva, Andrey Nikolaevich"]
[Black "Belyakov, Bogdan"]
[Result "0-1"]
[WhiteElo "2270"]
[BlackElo "2486"]
[PlyCount "82"]
[EventDate "2017.09.30"]
[EventType "swiss (rapid)"]
[EventRounds "11"]
[EventCountry "RUS"]
[SourceTitle "EXT 2018"]
[Source "ChessBase"]
[SourceDate "2017.10.13"]
[SourceVersion "1"]
[SourceVersionDate "2017.10.13"]
[SourceQuality "1"]

1. d4 Nf6 2. Nf3 g6 3. g3 Bg7 4. Bg2 0-0 5. c4 d6 6. Nc3 c5 7. dxc5 dxc5 8. Be3 Qa5 9. Qa4 Qb4 10. Qb5 Nd5 11. Qxb4 Nxb4 12. Rc1 N8a6 13. Nd2 Rb8 14. Nb3 Bf5 15. Nxc5 Nc2+ 16. Rxc2 Bxc2 17. Nxb7 Rbc8 18. Kd2 Bf5 19. Nd5 Rfe8 20. b3 e6 21. Nc3 Red8+ 22. Nxd8 Rxd8+ 23. Nd5 exd5 24. cxd5 Nb4 25. Rc1 Nxd5 26. Bxd5 Rxd5+ 27. Ke1 a5 28. Bd2 h5 29. h4 Bd4 30. e3 Bb2 31. Rc7 Bg4 32. Rc4 Bf3 33. Rf4 Bc3 34. Rxf3 Rxd2 35. Kf1 Rxa2 36. e4 Bd4 37. Kg2 Rb2 38. Kf1 Kf8 39. Kg2 Ke7 40. Kf1 Ke6 41. Kg2 f6 0-1

[Event "RUS-chT blitz"]
[Site "Sochi"]
[Date "2016.10.07"]
[Round "4.4"]
[White "Levin, Evgeny A"]
[Black "Uzhva, Andrey Nikolaevich"]
[Result "1-0"]
[WhiteElo "2505"]
[BlackElo "2270"]
[PlyCount "71"]
[EventDate "2016.10.07"]
[EventType "team-swiss (blitz)"]
[EventRounds "15"]
[EventCountry "RUS"]
[SourceTitle "EXT 2017"]
[Source "ChessBase"]
[SourceDate "2016.10.25"]
[SourceVersion "1"]
[SourceVersionDate "2016.10.25"]
[SourceQuality "1"]
[WhiteTeam "St Petersburg SDYUSSHOR"]
[BlackTeam "Belgorod Region"]
[WhiteTeamCountry "RUS"]
[BlackTeamCountry "RUS"]

1. d4 Nf6 2. c4 g6 3. Nc3 d5 4. cxd5 Nxd5 5. Bd2 Bg7 6. e4 Nxc3 7. Bxc3 0-0 8. Qd2 c6 9. Nf3 h6 10. Be2 Be6 11. 0-0 Nd7 12. Rfd1 Nb6 13. Qc2 Bc4 14. a4 Bxe2 15. Qxe2 Qd6 16. a5 Nd7 17. a6 b6 18. Qe3 Rac8 19. Rd2 Qe6 20. Qe2 Kh7 21. Rad1 Qb3 22. h4 Rfe8 23. h5 Qe6 24. Re1 Qg4 25. hxg6+ fxg6 26. Qe3 Rf8 27. Ne5 Nxe5 28. dxe5 Rcd8 29. Ree2 Qe6 30. f4 Qg4 31. g3 g5 32. f5 h5 33. Kg2 h4 34. Qf3 Qxg3+ 35. Qxg3 hxg3 36. Kxg3 1-0

[Event "RUS-chT 19th"]
[Site "Sochi"]
[Date "2012.04.15"]
[Round "7"]
[White "Savchenko, Boris"]
[Black "Uzhva, Andrey Nikolaevich"]
[Result "1-0"]
[WhiteElo "2580"]
[BlackElo "2246"]
[PlyCount "61"]
[EventDate "2012.04.09"]
[EventType "team-swiss"]
[EventRounds "7"]
[EventCountry "RUS"]
[SourceTitle "CBM 148"]
[Source "ChessBase"]
[SourceDate "2012.05.16"]
[SourceVersion "1"]
[SourceVersionDate "2012.05.16"]
[SourceQuality "1"]
[WhiteTeam "Belgorod Rakita"]
[BlackTeam "Belgorod Region"]
[WhiteTeamCountry "RUS"]
[BlackTeamCountry "RUS"]

1. e4 e5 2. Nf3 Nf6 3. Nxe5 d6 4. Nf3 Nxe4 5. d4 d5 6. Bd3 Be7 7. 0-0 0-0 8. c4 Nc6 9. Re1 Nd6 10. cxd5 Nb4 11. Nc3 Nxd3 12. Qxd3 Bf5 13. Qe2 Bf6 14. Bf4 Re8 15. Ne5 a6 16. Qf3 Bg5 17. Nc6 bxc6 18. Bxd6 Rxe1+ 19. Rxe1 cxd6 20. Qxf5 Bd2 21. Re2 Bxc3 22. bxc3 Qa5 23. Qd7 g6 24. dxc6 Qxc3 25. h4 Qc1+ 26. Kh2 Qf4+ 27. g3 Qf3 28. Rb2 Kg7 29. c7 Qc3 30. Rb8 Qc2 31. Qh3 1-0

[Event "RUS-chT 19th"]
[Site "Sochi"]
[Date "2012.04.10"]
[Round "2"]
[White "Uzhva, Andrey Nikolaevich"]
[Black "Khenkin, Igor"]
[Result "1/2-1/2"]
[WhiteElo "2246"]
[BlackElo "2632"]
[PlyCount "115"]
[EventDate "2012.04.09"]
[EventType "team-swiss"]
[EventRounds "7"]
[EventCountry "RUS"]
[SourceTitle "CBM 148"]
[Source "ChessBase"]
[SourceDate "2012.05.16"]
[SourceVersion "1"]
[SourceVersionDate "2012.05.16"]
[SourceQuality "1"]
[WhiteTeam "Belgorod Region"]
[BlackTeam "Vladivostok"]
[WhiteTeamCountry "RUS"]
[BlackTeamCountry "RUS"]

1. d4 d5 2. Nf3 c6 3. g3 Bf5 4. Bg2 e6 5. 0-0 Nf6 6. b3 h6 7. c4 Nbd7 8. Nc3 Bb4 9. Bb2 Ne4 10. Qc1 0-0 11. Nxe4 Bxe4 12. Ba3 a5 13. c5 Bxf3 14. Bxf3 e5 15. e3 Bxa3 16. Qxa3 exd4 17. exd4 Re8 18. Rfe1 Qf6 19. Bg4 Nf8 20. Qb2 h5 21. Bh3 Nh7 22. f4 Re4 23. Rxe4 dxe4 24. Re1 Qe7 25. Qe2 Nf6 26. Bg2 Re8 27. Qc4 Qd7 28. h4 Qf5 29. Qc3 Qg6 30. Kh2 Ng4+ 31. Kg1 Nf6 32. Kh2 Ng4+ 33. Kg1 e3 34. Re2 Qb1+ 35. Qe1 Qd3 36. Bf3 a4 37. Qb4 axb3 38. Qxb3 Qxd4 39. Qxb7 Qa1+ 40. Kg2 Nf2 41. Rxe3 Rxe3 42. Qc8+ Kh7 43. Qf5+ Kg8 44. Qc8+ Kh7 45. Qf5+ g6 46. Qxf7+ Qg7 47. Qxg7+ Kxg7 48. Kxf2 Ra3 49. Bxc6 Rxa2+ 50. Kf3 Rc2 51. Be4 Rxc5 52. Ke3 Kf6 53. Kf3 Rc3+ 54. Kf2 Rb3 55. Kg2 Re3 56. Bb1 Rb3 57. Be4 Rb4 58. Kf3 1/2-1/2

[Event "RUS-chT 17th"]
[Site "Dagomys"]
[Date "2010.04.05"]
[Round "5"]
[White "Uzhva, Andrey Nikolaevich"]
[Black "Savchenko, Boris"]
[Result "1/2-1/2"]
[WhiteElo "2320"]
[BlackElo "2652"]
[PlyCount "67"]
[EventDate "2010.04.01"]
[EventType "team-tourn"]
[EventRounds "9"]
[EventCountry "RUS"]
[SourceTitle "EXT 2020"]
[Source "ChessBase"]
[SourceDate "2019.10.17"]
[SourceVersion "1"]
[SourceVersionDate "2019.10.17"]
[SourceQuality "1"]
[WhiteTeam "Belgorod BelGu"]
[BlackTeam "Moscow ShSM-64"]
[WhiteTeamCountry "RUS"]
[BlackTeamCountry "RUS"]

1. e4 c5 2. Nf3 d6 3. d4 cxd4 4. Nxd4 Nf6 5. Nc3 Nc6 6. g3 e5 7. Nde2 Bg4 8. Bg2 Rc8 9. h3 Be6 10. 0-0 Be7 11. Be3 0-0 12. Nd5 a6 13. c4 Bxd5 14. exd5 Na5 15. b3 Nd7 16. g4 Bg5 17. f4 exf4 18. Nxf4 Re8 19. Bd4 b5 20. cxb5 axb5 21. Nh5 Ne5 22. Ng3 Nb7 23. Ne4 Nc5 24. Nxg5 Qxg5 25. Rf5 Qd8 26. Bxe5 Rxe5 27. Rxe5 dxe5 28. Rc1 Nb7 29. Rxc8 Qxc8 30. a4 Nd6 31. a5 b4 32. Kh1 Kf8 33. Qa1 Qc3 34. Qa4 1/2-1/2

[Event "RUS-chT 17th"]
[Site "Dagomys"]
[Date "2010.04.03"]
[Round "3"]
[White "Uzhva, Andrey Nikolaevich"]
[Black "Kabanov, Nikolai"]
[Result "1/2-1/2"]
[WhiteElo "2320"]
[BlackElo "2516"]
[PlyCount "165"]
[EventDate "2010.04.01"]
[EventType "team-tourn"]
[EventRounds "9"]
[EventCountry "RUS"]
[SourceTitle "EXT 2020"]
[Source "ChessBase"]
[SourceDate "2019.10.17"]
[SourceVersion "1"]
[SourceVersionDate "2019.10.17"]
[SourceQuality "1"]
[WhiteTeam "Belgorod BelGu"]
[BlackTeam "Khanty Mansiysk Yugra"]
[WhiteTeamCountry "RUS"]
[BlackTeamCountry "RUS"]

1. e4 e5 2. Nc3 Nf6 3. Bc4 Nc6 4. d3 Na5 5. Bb3 Be7 6. f4 Nxb3 7. axb3 d6 8. Nf3 exf4 9. Bxf4 0-0 10. 0-0 c6 11. Kh1 d5 12. e5 Ne8 13. Be3 Qc7 14. Na4 Bg4 15. h3 Bxf3 16. Qxf3 Qxe5 17. Nb6 Rd8 18. Rxa7 Bd6 19. Bf4 Qxf4 20. Qxf4 Bxf4 21. Rxf4 Nd6 22. c4 dxc4 23. bxc4 f6 24. b4 Rf7 25. Rd4 Rff8 26. c5 Nb5 27. Rxd8 Rxd8 28. Rxb7 Rxd3 29. Nc8 Kf8 30. Rb6 Nd4 31. Na7 Rb3 32. b5 Nxb5 33. Nxc6 Rb1+ 34. Kh2 Nc3 35. Nd4 Ke8 36. Re6+ Kf7 37. c6 Nb5 38. Re4 Nxd4 39. Rxd4 Ke6 40. Rd7 Rc1 41. Rxg7 Rxc6 42. Rxh7 Rc3 43. Rg7 f5 44. Rg3 Rc4 45. Re3+ Kf6 46. Kg1 Rc2 47. Kf1 f4 48. Re2 Rc3 49. Kf2 Ra3 50. Rb2 Kf5 51. Rb5+ Kg6 52. Rd5 Kf6 53. Ke2 Rg3 54. Kf2 Ra3 55. h4 Kg6 56. Rg5+ Kf6 57. Rg8 Kf5 58. Rg5+ Kf6 59. Rb5 Kg6 60. h5+ Kh6 61. Rf5 Rb3 62. Rxf4 Kxh5 63. Rf3 Rb7 64. Kg3 Kg5 65. Ra3 Rb5 66. Kh3 Rc5 67. Rg3+ Kh5 68. Rg8 Rc3+ 69. g3 Rc4 70. g4+ Kh6 71. Rb8 Ra4 72. Rb6+ Kg5 73. Rb5+ Kg6 74. Kh4 Ra6 75. Rb4 Rc6 76. Kg3 Ra6 77. Kf4 Rc6 78. Kg3 Ra6 79. Kh4 Rc6 80. Rb8 Ra6 81. Rg8+ Kh7 82. Rg5 Kh6 83. Rb5 1/2-1/2

[Event "RUS-ch Students"]
[Site "Belgorod"]
[Date "2009.10.09"]
[Round "5"]
[White "Uzhva, Andrey Nikolaevich"]
[Black "Krutko, Anatoly"]
[Result "1/2-1/2"]
[WhiteElo "2288"]
[BlackElo "2440"]
[PlyCount "64"]
[EventDate "2009.10.05"]
[EventType "swiss"]
[EventRounds "9"]
[EventCountry "RUS"]
[SourceTitle "EXT 2010"]
[Source "ChessBase"]
[SourceDate "2010.11.25"]
[SourceVersion "1"]
[SourceVersionDate "2010.11.25"]
[SourceQuality "1"]

1. d4 d6 2. e4 Nf6 3. Nc3 e5 4. Nf3 Nbd7 5. Bc4 Be7 6. dxe5 Nxe5 7. Nxe5 dxe5 8. Qxd8+ Bxd8 9. f3 c6 10. a4 Nd7 11. Be3 Bb6 12. Ke2 Bxe3 13. Kxe3 a5 14. h4 Ke7 15. g4 Rd8 16. Rad1 Nb6 17. Bb3 Be6 18. Bxe6 Kxe6 19. b3 Rd7 20. Rxd7 Nxd7 21. Rd1 Nc5 22. Nb1 Na6 23. Na3 Nb4 24. Rd2 f6 25. Nc4 b5 26. Nb6 Ra7 27. c3 Na6 28. axb5 cxb5 29. Rd5 Rc7 30. c4 Nc5 31. Na8 Rc8 32. Nb6 Rc7 1/2-1/2

[Event "RUS-ch Students"]
[Site "Belgorod"]
[Date "2009.10.06"]
[Round "2"]
[White "Demin, Vladimir"]
[Black "Uzhva, Andrey Nikolaevich"]
[Result "1/2-1/2"]
[WhiteElo "2439"]
[BlackElo "2288"]
[PlyCount "23"]
[EventDate "2009.10.05"]
[EventType "swiss"]
[EventRounds "9"]
[EventCountry "RUS"]
[SourceTitle "EXT 2010"]
[Source "ChessBase"]
[SourceDate "2010.11.25"]
[SourceVersion "1"]
[SourceVersionDate "2010.11.25"]
[SourceQuality "1"]

1. d4 Nf6 2. Nf3 g6 3. c4 Bg7 4. Nc3 d5 5. cxd5 Nxd5 6. Na4 Bf5 7. Nh4 Bd7 8. e4 Nb6 9. Nc5 e5 10. Nf3 exd4 11. Bg5 f6 12. Qxd4 1/2-1/2

[Event "RUS-chT2 16th"]
[Site "Dagomys"]
[Date "2009.04.06"]
[Round "5"]
[White "Uzhva, Andrey Nikolaevich"]
[Black "Vokarev, Sergey"]
[Result "0-1"]
[WhiteElo "2306"]
[BlackElo "2521"]
[PlyCount "68"]
[EventDate "2009.04.02"]
[EventType "tourn"]
[EventRounds "9"]
[EventCountry "RUS"]
[SourceTitle "CBM 129 Extra"]
[Source "ChessBase"]
[SourceDate "2009.05.05"]
[SourceVersion "2"]
[SourceVersionDate "2009.05.20"]
[SourceQuality "1"]

1. e4 c5 2. Nf3 Nc6 3. d4 cxd4 4. Nxd4 Nf6 5. Nc3 d6 6. g3 g6 7. Bg2 Nxd4 8. Qxd4 Bg7 9. 0-0 0-0 10. Qd3 Be6 11. Bd2 Rc8 12. b3 Qc7 13. Rac1 Ng4 14. Nb5 Qc5 15. c4 a6 16. Nc3 Qh5 17. h4 Qc5 18. Nd5 Rfe8 19. Qe2 h5 20. Kh1 Bxd5 21. exd5 e5 22. Bh3 f5 23. f3 Nf6 24. Bg5 e4 25. Bxf6 Bxf6 26. fxe4 Rxe4 27. Qxe4 fxe4 28. Rxf6 Kg7 29. Rcf1 Rc7 30. g4 e3 31. gxh5 e2 32. Rxg6+ Kh7 33. Rfg1 Qe3 34. R6g3 Qxg3 0-1

[Event "Belgorod Rector Cup 5th"]
[Site "Belgorod"]
[Date "2009.03.14"]
[Round "6"]
[White "Pogosian, Manvel"]
[Black "Uzhva, Andrey Nikolaevich"]
[Result "1-0"]
[WhiteElo "2258"]
[BlackElo "2306"]
[PlyCount "67"]
[EventDate "2009.03.09"]
[EventType "tourn"]
[EventRounds "9"]
[EventCountry "RUS"]
[EventCategory "6"]
[SourceTitle "EXT 2010"]
[Source "ChessBase"]
[SourceDate "2010.11.25"]
[SourceVersion "1"]
[SourceVersionDate "2010.11.25"]
[SourceQuality "1"]

1. d4 f5 2. c4 e6 3. Nc3 Nf6 4. Nf3 d5 5. Bf4 c6 6. e3 Be7 7. Bd3 0-0 8. Qc2 Ne4 9. g4 Nxc3 10. bxc3 Bd6 11. Bxd6 Qxd6 12. Rb1 b6 13. Rg1 Kh8 14. Ke2 dxc4 15. Bxc4 Ba6 16. Bxa6 Nxa6 17. Ne5 Nc7 18. Rg3 g6 19. Rbg1 Nd5 20. gxf5 exf5 21. h4 Rae8 22. h5 Rf6 23. hxg6 hxg6 24. Kf1 Ne7 25. Rh1+ Kg7 26. Rgh3 Rg8 27. Rh7+ Kf8 28. Qa4 Qc7 29. Qb3 Rg7 30. Rh8+ Rg8 31. Rxg8+ Nxg8 32. Rh8 Qg7 33. Nd7+ Ke7 34. Rxg8 1-0

[Event "RUS-chT U26"]
[Site "Belgorod"]
[Date "2008.10.12"]
[Round "8"]
[White "Uzhva, Andrey Nikolaevich"]
[Black "Novikov, Stanislav"]
[Result "1/2-1/2"]
[WhiteElo "2288"]
[BlackElo "2523"]
[PlyCount "135"]
[EventDate "2008.10.05"]
[EventType "team"]
[EventRounds "9"]
[EventCountry "RUS"]
[SourceTitle "EXT 2010"]
[Source "ChessBase"]
[SourceDate "2010.11.25"]
[SourceVersion "1"]
[SourceVersionDate "2010.11.25"]
[SourceQuality "1"]

1. d4 g6 2. c4 Bg7 3. g3 d6 4. Bg2 e5 5. dxe5 dxe5 6. Qxd8+ Kxd8 7. Nc3 c6 8. b4 Be6 9. c5 Nd7 10. Bb2 Ngf6 11. e4 a5 12. a3 b6 13. cxb6 Nxb6 14. b5 Nc4 15. Bc1 cxb5 16. Nxb5 Rb8 17. a4 Bf8 18. Ne2 Bb4+ 19. Nbc3 Nd7 20. 0-0 Ke7 21. f4 exf4 22. Bxf4 Bc5+ 23. Kh1 Rb2 24. Rfb1 Rc8 25. Rxb2 Nxb2 26. Nd5+ Bxd5 27. exd5 Nd3 28. h3 Nxf4 29. Nxf4 Bd6 30. Re1+ Kd8 31. Bf1 Rc3 32. Kg2 g5 33. Nh5 Nb6 34. Bb5 Nxd5 35. Re8+ Kc7 36. Rh8 Ne3+ 37. Kf2 g4 38. Rxh7 gxh3 39. Nf6 Be7 40. Ne8+ Kd8 41. Rxh3 Ng4+ 42. Ke2 Re3+ 43. Kf1 Rf3+ 44. Ke2 Re3+ 45. Kf1 Bb4 46. Ng7 Rf3+ 47. Ke2 Re3+ 48. Kf1 Rf3+ 49. Ke2 Rf2+ 50. Kd3 Rd2+ 51. Kc4 Rc2+ 52. Kb3 Rc3+ 53. Kb2 Nf2 54. Rh8+ Ke7 55. Nf5+ Kf6 56. Nd4 Rxg3 57. Nc6 Nd1+ 58. Kc2 Ne3+ 59. Kb2 Rg2+ 60. Kb3 Bd2 61. Ra8 Nd5 62. Nxa5 Ke5 63. Nc4+ Kd4 64. Rd8 Bg5 65. Rd7 Rg3+ 66. Kb2 Rg2+ 67. Kb3 Rg3+ 68. Kb2 1/2-1/2